<?xml version="1.0" encoding="UTF-8"?>
<record
    xmlns:xsi="http://www.w3.org/2001/XMLSchema-instance"
    xsi:schemaLocation="http://www.loc.gov/MARC21/slim http://www.loc.gov/standards/marcxml/schema/MARC21slim.xsd"
    xmlns="http://www.loc.gov/MARC21/slim">

  <leader>01402nam a2200265Ia 4500</leader>
  <datafield tag="999" ind1=" " ind2=" ">
    <subfield code="c">5261</subfield>
    <subfield code="d">5261</subfield>
  </datafield>
  <controlfield tag="003">OSt</controlfield>
  <controlfield tag="005">20200504164737.0</controlfield>
  <controlfield tag="008">191128s1993    ck     gr    o000 0 spa d</controlfield>
  <datafield tag="020" ind1=" " ind2=" ">
    <subfield code="a">9589528244</subfield>
    <subfield code="q">Obra completa</subfield>
  </datafield>
  <datafield tag="020" ind1=" " ind2=" ">
    <subfield code="a">9589528252</subfield>
    <subfield code="q">v.1</subfield>
  </datafield>
  <datafield tag="020" ind1=" " ind2=" ">
    <subfield code="a">9589528260</subfield>
    <subfield code="q">v.2</subfield>
  </datafield>
  <datafield tag="040" ind1=" " ind2=" ">
    <subfield code="a">CO-JMCR</subfield>
    <subfield code="c">CO-JMCR</subfield>
  </datafield>
  <datafield tag="041" ind1="0" ind2=" ">
    <subfield code="a">spa</subfield>
  </datafield>
  <datafield tag="082" ind1="0" ind2="4">
    <subfield code="a">327.087 /</subfield>
    <subfield code="b">C718c</subfield>
    <subfield code="2">23</subfield>
  </datafield>
  <datafield tag="110" ind1="1" ind2=" ">
    <subfield code="a">Colombia.</subfield>
    <subfield code="b">Ministerio de Relaciones Exteriores</subfield>
    <subfield code="9">3886</subfield>
  </datafield>
  <datafield tag="245" ind1="1" ind2="0">
    <subfield code="a">Colombia-Venezuela : </subfield>
    <subfield code="b">un nuevo esquema bilateral / </subfield>
    <subfield code="c">Ministerio de Relaciones Exteriores</subfield>
  </datafield>
  <datafield tag="260" ind1=" " ind2=" ">
    <subfield code="a">Bogot&#xE1; : </subfield>
    <subfield code="b">Ministerio de Relaciones Exteriores, </subfield>
    <subfield code="c">1993</subfield>
  </datafield>
  <datafield tag="300" ind1=" " ind2=" ">
    <subfield code="a">2v. ; </subfield>
    <subfield code="c">24 cm.</subfield>
  </datafield>
  <datafield tag="504" ind1=" " ind2=" ">
    <subfield code="a">Bibliograf&#xED;a: p&#xE1;ginas 119-120 en v.1</subfield>
  </datafield>
  <datafield tag="505" ind1="0" ind2=" ">
    <subfield code="g">v.1 </subfield>
    <subfield code="t">Desde La integraci&#xF3;n en el mundo hasta La integraci&#xF3;n Colombo-Venezolana: una puerta al futuro.</subfield>
    <subfield code="g">v.2 </subfield>
    <subfield code="t">Desde estatuto de r&#xE9;gimen fronterizo con Venezuela (Caracas, 5 agosto de 1942) hasta Palabras de la se&#xF1;ora Ministra de Relaciones Exteriores de Colombia, Noem&#xED; San&#xED;n de Rubio, en la inauguraci&#xF3;n de la C&#xE1;tedra Venezuela, Bogot&#xE1;, Feb., 26 de 1993.</subfield>
  </datafield>
  <datafield tag="520" ind1=" " ind2=" ">
    <subfield code="a">En el marco de las relaciones entre Colombia y Venezuela hay un hecho que resulta incontrovertible: en los &#xFA;ltimos cuatro a&#xF1;os se han acrecentado aceleradamente los lazos de vecindad.</subfield>
  </datafield>
  <datafield tag="650" ind1="1" ind2="4">
    <subfield code="a">Pol&#xED;tica de fronteras</subfield>
    <subfield code="z">Colombia  </subfield>
    <subfield code="9">3887</subfield>
  </datafield>
  <datafield tag="650" ind1="1" ind2="4">
    <subfield code="a">Pol&#xED;tica de fronteras</subfield>
    <subfield code="z">Venezuela   </subfield>
    <subfield code="9">3888</subfield>
  </datafield>
  <datafield tag="942" ind1=" " ind2=" ">
    <subfield code="2">ddc</subfield>
    <subfield code="c">BK</subfield>
  </datafield>
  <datafield tag="952" ind1=" " ind2=" ">
    <subfield code="0">0</subfield>
    <subfield code="1">0</subfield>
    <subfield code="2">ddc</subfield>
    <subfield code="4">0</subfield>
    <subfield code="7">0</subfield>
    <subfield code="8">NFIC</subfield>
    <subfield code="a">CPL</subfield>
    <subfield code="b">CPL</subfield>
    <subfield code="d">2018-04-15</subfield>
    <subfield code="e">Donaci&#xF3;n</subfield>
    <subfield code="g">0.00</subfield>
    <subfield code="l">0</subfield>
    <subfield code="o">327.087 / C718c</subfield>
    <subfield code="p">430001591</subfield>
    <subfield code="r">2024-05-16 00:00:00</subfield>
    <subfield code="t">V.1 / Ej.1</subfield>
    <subfield code="y">BK</subfield>
  </datafield>
  <datafield tag="952" ind1=" " ind2=" ">
    <subfield code="0">0</subfield>
    <subfield code="1">0</subfield>
    <subfield code="2">ddc</subfield>
    <subfield code="4">0</subfield>
    <subfield code="7">0</subfield>
    <subfield code="8">NFIC</subfield>
    <subfield code="a">CPL</subfield>
    <subfield code="b">CPL</subfield>
    <subfield code="d">2018-04-15</subfield>
    <subfield code="e">Donaci&#xF3;n</subfield>
    <subfield code="g">0.00</subfield>
    <subfield code="l">0</subfield>
    <subfield code="o">327.087 / C718c</subfield>
    <subfield code="p">430001592</subfield>
    <subfield code="r">2024-05-16 00:00:00</subfield>
    <subfield code="t">V.2 / Ej.1</subfield>
    <subfield code="w">2020-05-04</subfield>
    <subfield code="y">BK</subfield>
  </datafield>
</record>
